Geography Quiz for Dummies - Statistics

General Stats
  • This quiz has been taken 107,668 times
  • The average score is 18 of 20
Answer Stats
Question Answer % Correct
What is the largest country in the world by land area? Russia
99%
What is the southernmost country in Africa? South Africa
98%
What is the highest mountain on Earth? Mount Everest
97%
What is the official language of Argentina? Spanish
97%
What currency does Germany use? Euro
95%
What is the capital of Egypt? Cairo
94%
What is the largest desert in Africa? Sahara Desert
94%
Which U.S. state borders the Arctic Ocean? Alaska
91%
What is the longest river in South America? Amazon
91%
What is the most important export of Saudi Arabia? Oil
91%
What Italian city is famous for its canals and gondolas? Venice
89%
What is the latitude of the equator?
87%
On what island would you find the cities of Cork, Limerick, Belfast, and Galway? Ireland
87%
Name one of the Great Lakes of North America. Erie | Huron | Michigan | Ontario | Superior
86%
In what mountain range would you find that mountain? Himalayas
85%
What country is also known as Persia? Iran
85%
What city is served by Heathrow airport? London
83%
In what country would you find the city of Kobe, famous for its expensive beef? Japan
81%
What is the biggest city in the French-speaking part of Canada? Montreal
72%
What country's largest city was formerly known as Saigon? Vietnam
69%
No matching quizzes found
Score Distribution
Percent of People with Each Score
Percentile by Number Answered
Your Score History
You have not taken this quiz